00512nam a22001457a 450000500170000000800410001702000150005804100120007308200140008510000250009924501290012426000560025330000310030965000260034020231113101747.0231113b |||||||| |||| 00| 0 eng d a0409056650 aEnglish a345.5 STE aSteytler, NlEnglish aConstitutional Criminal Procedure : bA commentary on the Constitution of the Republic of South Africa, 1996 / cN Steytler  aDurban : bButterworth Publishers (Pty) Ltd, c1998 bxxiii, 497 pages ;c25 cm. aLegal practice bLaw